| 000 | 00734nam a22001817i 4500 | ||
|---|---|---|---|
| 999 |
_c22997 _d22997 |
||
| 003 | AR-CdUCM | ||
| 008 | 240823b20212021 pe||||| |||| 00| 0 spa d | ||
| 040 |
_aMUNICIPALIDAD PROVINCIAL DEL CUSCO _cBIBLIOTECA MUNICIPAL DEL CUSCO |
||
| 082 |
_a372.357 / C143E _bC143E |
||
| 100 |
_aCáceres Quispe, Margarita. _950232 |
||
| 245 |
_aEl huerto escolar para el aprendizaje intercultural : _bSistematización de una experiencia pedagógica / |
||
| 260 |
_aCusco : _bInkari Editores, _c2021 |
||
| 300 |
_a56 páginas. : _c20 cm. |
||
| 505 | _aCrianza de huerto -- Producción y cosecha de las plantas -- Huerto escolar -- Abonos naturales o compost | ||
| 650 |
_aHuertos escolares _950233 |
||
| 942 |
_2ddc _cLIBROS |
||
| 945 |
_apbj _d2024-08-23 |
||